书目信息 |
| 题名: |
珠算
|
|
| 作者: | 周葵 编著 | |
| 分册: | ||
| 出版信息: | 北京 轻工业出版社 1981 |
|
| 页数: | 113页 | |
| 开本: | 19cm | |
| 丛书名: | ||
| 单 册: | ||
| 中图分类: | O121.5 , G623.5 | |
| 科图分类: | ||
| 主题词: | 珠算 | |
| 电子资源: | ||
| ISBN: | ||
| 000 | 00608nam0 2200253 45 | |
| 001 | 0181009895 | |
| 005 | 20040425153308.7 | |
| 010 | @dCNY0.30 | |
| 091 | @a4042.008 | |
| 100 | @a19950324d1981 em y0chiy0121 ea | |
| 101 | 0 | @achi |
| 102 | @aCN@b110000 | |
| 105 | @ay z 000yy | |
| 106 | @ar | |
| 200 | 10 | @a珠算@Azhu suan@f周葵编著 |
| 210 | @a北京@c轻工业出版社@d1981 | |
| 215 | @a113页@d19cm | |
| 606 | @a珠算 | |
| 690 | @aO121.5@v3 | |
| 690 | @aG623.5 | |
| 701 | 0 | @a周葵@Azhou kui@4编著 |
| 801 | 0 | @aCN@b上海图书馆@c20040425 |
| 801 | 2 | @aCN@bNLC@c20040425 |
| 905 | @f2@b82179-180@dG623.5@e83 | |
| 珠算/周葵编著.-北京:轻工业出版社,1981 |
| 113页;19cm |
| ISBN :CNY0.30 |
| ● |
| 相关链接 |
|
|
|
|
正题名:珠算
索取号:G623.5/83
 
预约/预借
| 序号 | 登录号 | 条形码 | 馆藏地/架位号 | 状态 | 备注 |
| 1 | 0082179 | 000465080 | 第一样本阅览室/ [索取号:G623.5/83] | 在馆 | |
| 2 | 0082180 | 000465071 | 密集书库/ [索取号:G623.5/83] | 在馆 |